Top 4 Big 5 European Football Leagues - Statistics

General Stats
  • This quiz has been taken 2,541 times
    2,539 since last reset
  • The average score is 27 of 45
Answer Stats
Team % Correct
Manchester City
98%
Real Madrid
98%
FC Barcelona
97%
Bayern Munich
96%
Liverpool
96%
Paris Saint-Germain
96%
Manchester United
95%
Inter Milan
94%
AC Milan
93%
Chelsea
92%
Juventus
91%
Arsenal
90%
Borussia Dortmund
90%
Atletico Madrid
89%
SSC Napoli
82%
Olympique lyonnais
78%
AS Roma
77%
Olympique de Marseille
76%
AS Monaco
73%
Bayer 04 Leverkusen
70%
SS Lazio
66%
Nottingham Forest
56%
Hamburger SV
49%
Schalke 04
48%
Everton
47%
Newcastle United
47%
Deportivo La Coruna
45%
Athletic Bilbao
44%
Blackburn Rovers
43%
Leeds United
43%
ACF Fiorentina
42%
Girondins de Bordeaux
42%
Werder Bremen
42%
FC Nantes
37%
AS Saint-Etienne
35%
Borussia Mönchengladbach
34%
Real Sociedad
32%
Torino FC
30%
UC Sampdoria
27%
1. FC Köln
25%
Bologna
21%
1. FC Nürnberg
14%
RC Strasbourg
12%
Cagliari
11%
TSV 1860 München
6%
No matching quizzes found
Score Distribution
Percent of People with Each Score
Percentile by Number Answered
Your Score History
You have not taken this quiz since the last reset